[Event "Landsturneringen 2017"]
[Site "Clarion Energy Hotel, Stavanger"]
[Date "2017.07.03"]
[Round "4"]
[White "Tryggestad, Andreas G"]
[Black "Christiansen, Johan-Sebastian"]
[Result "0-1"]
[WhiteElo "2314"]
[BlackElo "2458"]
[PlyCount "90"]

1. e4 e5 {[%clk 1:30:11]} 2. Nf3 {[%clk 1:31:21]} Nc6 {[%clk 1:30:36]} 3. Bb5
{[%clk 1:31:45]} f5 {[%clk 1:31:03]} 4. d3 {[%clk 1:32:09]} fxe4 {[%clk 1:31:25]}
5. dxe4 {[%clk 1:32:34]} Nf6 {[%clk 1:31:52]} 6. Nc3 {[%clk 1:32:50]} Bb4
{[%clk 1:32:13]} 7. Qd3 {[%clk 1:32:42]} Bxc3+ {[%clk 1:31:41]} 8. bxc3
{[%clk 1:31:48]} d6 {[%clk 1:30:23]} 9. Bxc6+ {[%clk 1:16:53]} bxc6
{[%clk 1:30:47]} 10. O-O {[%clk 1:17:03]} a5 {[%clk 1:23:28]} 11. Qc4
{[%clk 1:13:15]} Qd7 {[%clk 1:23:02]} 12. Re1 {[%clk 1:09:08]} Ba6
{[%clk 1:21:35]} 13. Qb3 {[%clk 1:09:26]} c5 {[%clk 1:19:38]} 14. Bg5
{[%clk 1:05:31]} a4 {[%clk 1:19:32]} 15. Qa3 {[%clk 1:05:47]} O-O
{[%clk 1:17:42]} 16. Qc1 {[%clk 1:04:06]} Nh5 {[%clk 1:09:15]} 17. Qd1
{[%clk 1:01:42]} Qf7 {[%clk 1:08:17]} 18. a3 {[%clk 1:01:06]} Rab8
{[%clk 1:06:07]} 19. Rb1 {[%clk 1:00:21]} Rxb1 {[%clk 1:02:15]} 20. Qxb1
{[%clk 1:00:48]} Qg6 {[%clk 0:52:49]} 21. Kh1 {[%clk 0:57:49]} Rxf3
{[%clk 0:49:36]} 22. gxf3 {[%clk 0:57:34]} Qxg5 {[%clk 0:50:04]} 23. Qb8+
{[%clk 0:57:01]} Kf7 {[%clk 0:50:33]} 24. Qxc7+ {[%clk 0:56:47]} Qe7
{[%clk 0:51:01]} 25. Qc6 {[%clk 0:52:56]} Bc4 {[%clk 0:47:45]} 26. Rb1
{[%clk 0:52:52]} Qf6 {[%clk 0:46:20]} 27. Qd7+ {[%clk 0:47:17]} Kg6
{[%clk 0:46:38]} 28. Qg4+ {[%clk 0:47:07]} Kh6 {[%clk 0:46:45]} 29. h4
{[%clk 0:46:49]} Be2 {[%clk 0:34:59]} 30. Kg2 {[%clk 0:45:41]} Nf4+
{[%clk 0:35:12]} 31. Kg3 {[%clk 0:45:23]} Ne6 {[%clk 0:35:24]} 32. Rb6
{[%clk 0:44:50]} Qe7 {[%clk 0:35:21]} 33. Rb8 {[%clk 0:28:22]} g6
{[%clk 0:31:48]} 34. Ra8 {[%clk 0:27:43]} Bb5 {[%clk 0:25:19]} 35. Ra5
{[%clk 0:24:46]} Be8 {[%clk 0:25:29]} 36. Ra6 {[%clk 0:24:50]} Kg7
{[%clk 0:23:21]} 37. Ra8 {[%clk 0:21:50]} h5 {[%clk 0:22:17]} 38. Qh3
{[%clk 0:21:41]} Bc6 {[%clk 0:15:34]} 39. Ra6 {[%clk 0:21:08]} Nd8
{[%clk 0:13:07]} 40. Qf1 {[%clk 0:14:15]} Qb7 {[%clk 0:08:28]} 41. Ra5
{[%clk 0:13:52]} Qc7 {[%clk 0:08:26]} 42. Ra6 {[%clk 0:13:08]} Ne6
{[%clk 0:07:31]} 43. Qb1 {[%clk 0:12:21]} Nf4 {[%clk 0:07:22]} 44. Kh2
{[%clk 0:11:09]} Qd7 {[%clk 0:07:11]} 45. Kg1 {[%clk 0:11:19]} Bb5
{[%clk 0:07:24]}
0-1

[Event "Landsturneringen 2017"]
[Site "Clarion Energy Hotel, Stavanger"]
[Date "2017.07.03"]
[Round "4"]
[White "Lie, Espen"]
[Black "Gandrud, Vegar Koi"]
[Result "1/2-1/2"]
[WhiteElo "2462"]
[BlackElo "2330"]
[PlyCount "278"]

1. Nf3 {[%clk 1:30:57]} c5 {[%clk 1:30:52]} 2. g3 {[%clk 1:31:21]} g6
{[%clk 1:31:17]} 3. Bg2 {[%clk 1:31:45]} Bg7 {[%clk 1:31:42]} 4. O-O
{[%clk 1:32:04]} Nc6 {[%clk 1:32:06]} 5. d3 {[%clk 1:29:41]} e6 {[%clk 1:30:43]}
6. Nc3 {[%clk 1:30:01]} d5 {[%clk 1:27:06]} 7. Bd2 {[%clk 1:28:56]} Nge7
{[%clk 1:25:23]} 8. a3 {[%clk 1:28:21]} O-O {[%clk 1:24:46]} 9. Rb1
{[%clk 1:28:44]} b6 {[%clk 1:15:17]} 10. b4 {[%clk 1:27:14]} cxb4
{[%clk 1:13:14]} 11. axb4 {[%clk 1:27:37]} Bb7 {[%clk 1:13:28]} 12. b5
{[%clk 1:26:44]} Na5 {[%clk 1:12:05]} 13. Na4 {[%clk 1:23:38]} d4
{[%clk 0:56:39]} 14. Bb4 {[%clk 1:02:51]} Qc7 {[%clk 0:52:48]} 15. Bxa5
{[%clk 0:54:19]} bxa5 {[%clk 0:53:08]} 16. Nd2 {[%clk 0:54:25]} Bxg2
{[%clk 0:51:26]} 17. Kxg2 {[%clk 0:54:53]} Rab8 {[%clk 0:50:46]} 18. Kg1
{[%clk 0:42:15]} Rb7 {[%clk 0:45:03]} 19. Rb3 {[%clk 0:38:04]} Nd5
{[%clk 0:41:45]} 20. Nc4 {[%clk 0:33:11]} Nb4 {[%clk 0:37:01]} 21. Na3
{[%clk 0:33:22]} Rc8 {[%clk 0:35:35]} 22. Qd2 {[%clk 0:32:34]} Qd7
{[%clk 0:30:24]} 23. Nb2 {[%clk 0:30:29]} Bf8 {[%clk 0:26:15]} 24. Nbc4
{[%clk 0:30:25]} Qd8 {[%clk 0:25:57]} 25. Rd1 {[%clk 0:24:47]} Rbb8
{[%clk 0:22:54]} 26. Qf4 {[%clk 0:19:24]} a4 {[%clk 0:21:48]} 27. Rbb1
{[%clk 0:12:28]} Nd5 {[%clk 0:21:50]} 28. Qxd4 {[%clk 0:11:56]} Bg7
{[%clk 0:11:57]} 29. Ne5 {[%clk 0:11:46]} Bxe5 {[%clk 0:12:00]} 30. Qxe5
{[%clk 0:12:14]} Nc3 {[%clk 0:12:23]} 31. Re1 {[%clk 0:08:24]} Nxb1
{[%clk 0:12:46]} 32. Rxb1 {[%clk 0:08:49]} a6 {[%clk 0:09:55]} 33. c4
{[%clk 0:08:53]} axb5 {[%clk 0:09:57]} 34. Nxb5 {[%clk 0:08:41]} Ra8
{[%clk 0:07:44]} 35. Ra1 {[%clk 0:08:57]} Qf8 {[%clk 0:06:47]} 36. Ra3
{[%clk 0:06:39]} Ra5 {[%clk 0:05:33]} 37. Qb2 {[%clk 0:05:09]} Rb8
{[%clk 0:04:10]} 38. Qc3 {[%clk 0:04:33]} Ra6 {[%clk 0:04:07]} 39. Ra2
{[%clk 0:03:22]} h5 {[%clk 0:04:00]} 40. h4 {[%clk 0:03:22]} Rb7 {[%clk 0:02:23]}
41. Qa3 {[%clk 0:01:55]} Qxa3 {[%clk 0:01:48]} 42. Rxa3 {[%clk 0:02:17]} Kf8
{[%clk 0:02:12]} 43. Kf1 {[%clk 0:30:04]} Ke7 {[%clk 0:31:48]} 44. Ke1
{[%clk 0:30:22]} Kd7 {[%clk 0:32:01]} 45. Kd2 {[%clk 0:29:41]} Kc6
{[%clk 0:32:00]} 46. Nd4+ {[%clk 0:25:39]} Kc5 {[%clk 0:31:33]} 47. Kc3
{[%clk 0:25:36]} Rb1 {[%clk 0:28:37]} 48. Nc2 {[%clk 0:24:57]} Rf1
{[%clk 0:28:30]} 49. d4+ {[%clk 0:25:09]} Kd6 {[%clk 0:28:50]} 50. Nb4
{[%clk 0:24:51]} Ra8 {[%clk 0:26:29]} 51. c5+ {[%clk 0:23:55]} Ke7
{[%clk 0:24:46]} 52. Nd3 {[%clk 0:24:18]} f5 {[%clk 0:23:21]} 53. Kc4
{[%clk 0:23:13]} Rb1 {[%clk 0:20:38]} 54. Ne5 {[%clk 0:20:44]} Rc1+
{[%clk 0:20:18]} 55. Kd3 {[%clk 0:19:51]} Rd1+ {[%clk 0:17:24]} 56. Kc2
{[%clk 0:14:00]} Rf1 {[%clk 0:17:43]} 57. Nxg6+ {[%clk 0:13:27]} Kf6
{[%clk 0:16:50]} 58. Nf4 {[%clk 0:13:49]} Rxf2 {[%clk 0:17:11]} 59. Nxh5+
{[%clk 0:14:02]} Ke7 {[%clk 0:17:04]} 60. Nf4 {[%clk 0:14:14]} Rf1
{[%clk 0:17:04]} 61. Nd3 {[%clk 0:12:22]} Rg1 {[%clk 0:16:41]} 62. Ne5
{[%clk 0:11:31]} Rg2 {[%clk 0:16:36]} 63. Kd2 {[%clk 0:11:40]} Rg1
{[%clk 0:16:29]} 64. Nc4 {[%clk 0:10:23]} Rd8 {[%clk 0:14:18]} 65. Nd6
{[%clk 0:10:23]} Rxd6 {[%clk 0:11:39]} 66. cxd6+ {[%clk 0:10:46]} Kxd6
{[%clk 0:12:07]} 67. h5 {[%clk 0:09:56]} Kd5 {[%clk 0:11:30]} 68. h6
{[%clk 0:10:12]} Rh1 {[%clk 0:11:37]} 69. Rxa4 {[%clk 0:10:19]} Rxh6
{[%clk 0:12:04]} 70. Ke3 {[%clk 0:10:30]} Rg6 {[%clk 0:12:08]} 71. Ra5+
{[%clk 0:10:49]} Kd6 {[%clk 0:12:28]} 72. Kf3 {[%clk 0:10:56]} Rg8
{[%clk 0:11:38]} 73. Re5 {[%clk 0:10:58]} Rb8 {[%clk 0:10:47]} 74. Kf4
{[%clk 0:09:16]} Rb4 {[%clk 0:10:21]} 75. e3 {[%clk 0:09:40]} Ke7
{[%clk 0:09:03]} 76. Kg5 {[%clk 0:09:51]} Kf7 {[%clk 0:08:49]} 77. Kf4
{[%clk 0:08:09]} Kf6 {[%clk 0:08:37]} 78. g4 {[%clk 0:07:36]} fxg4
{[%clk 0:08:55]} 79. Kxg4 {[%clk 0:07:44]} Rb1 {[%clk 0:09:01]} 80. Kf4
{[%clk 0:08:04]} Rh1 {[%clk 0:08:56]} 81. Ra5 {[%clk 0:08:07]} Rh4+
{[%clk 0:08:59]} 82. Kf3 {[%clk 0:08:29]} Ke7 {[%clk 0:08:46]} 83. Ke2
{[%clk 0:08:47]} Kd6 {[%clk 0:08:41]} 84. Kd3 {[%clk 0:09:08]} Rh3
{[%clk 0:08:32]} 85. Re5 {[%clk 0:09:13]} Rh1 {[%clk 0:08:34]} 86. Rg5
{[%clk 0:08:01]} Rh3 {[%clk 0:08:40]} 87. Ra5 {[%clk 0:08:24]} Rh4
{[%clk 0:08:24]} 88. Kc4 {[%clk 0:08:39]} Rh1 {[%clk 0:08:34]} 89. Ra6+
{[%clk 0:09:01]} Ke7 {[%clk 0:08:46]} 90. e4 {[%clk 0:08:39]} Rc1+
{[%clk 0:07:45]} 91. Kd3 {[%clk 0:09:02]} Re1 {[%clk 0:07:29]} 92. e5
{[%clk 0:09:05]} Rd1+ {[%clk 0:07:27]} 93. Kc3 {[%clk 0:07:49]} Rc1+
{[%clk 0:07:50]} 94. Kd2 {[%clk 0:07:46]} Rh1 {[%clk 0:06:56]} 95. Ra7+
{[%clk 0:08:10]} Kd8 {[%clk 0:06:56]} 96. Kc3 {[%clk 0:07:46]} Rc1+
{[%clk 0:07:13]} 97. Kb4 {[%clk 0:08:03]} Rc2 {[%clk 0:07:16]} 98. Kb5
{[%clk 0:08:11]} Rc1 {[%clk 0:07:25]} 99. Ra6 {[%clk 0:06:36]} Kd7
{[%clk 0:07:30]} 100. Rd6+ {[%clk 0:06:54]} Ke7 {[%clk 0:07:55]} 101. Rc6
{[%clk 0:07:11]} Rb1+ {[%clk 0:07:46]} 102. Kc5 {[%clk 0:06:50]} Rc1+
{[%clk 0:08:00]} 103. Kb6 {[%clk 0:07:06]} Rb1+ {[%clk 0:08:24]} 104. Kc7
{[%clk 0:07:13]} Rb4 {[%clk 0:08:45]} 105. Rd6 {[%clk 0:06:51]} Rc4+
{[%clk 0:08:56]} 106. Kb6 {[%clk 0:07:12]} Rc1 {[%clk 0:08:31]} 107. Kb5
{[%clk 0:06:41]} Rb1+ {[%clk 0:08:36]} 108. Kc4 {[%clk 0:06:34]} Rc1+
{[%clk 0:08:59]} 109. Kd3 {[%clk 0:06:58]} Rd1+ {[%clk 0:09:25]} 110. Kc2
{[%clk 0:07:21]} Rh1 {[%clk 0:09:14]} 111. Ra6 {[%clk 0:07:46]} Rh3
{[%clk 0:09:27]} 112. Rc6 {[%clk 0:07:44]} Kd7 {[%clk 0:09:32]} 113. Rc4
{[%clk 0:08:04]} Rg3 {[%clk 0:09:53]} 114. Rc3 {[%clk 0:08:28]} Rg1
{[%clk 0:09:11]} 115. Kb3 {[%clk 0:08:44]} Rb1+ {[%clk 0:08:56]} 116. Kc4
{[%clk 0:08:53]} Rd1 {[%clk 0:09:02]} 117. Kc5 {[%clk 0:09:12]} Rb1
{[%clk 0:09:12]} 118. Rc4 {[%clk 0:09:34]} Rd1 {[%clk 0:09:17]} 119. Rc2
{[%clk 0:08:12]} Rb1 {[%clk 0:09:35]} 120. Kc4 {[%clk 0:08:20]} Rd1
{[%clk 0:09:52]} 121. Rh2 {[%clk 0:08:26]} Rc1+ {[%clk 0:10:12]} 122. Kd3
{[%clk 0:08:41]} Rd1+ {[%clk 0:10:28]} 123. Ke3 {[%clk 0:09:04]} Re1+
{[%clk 0:10:28]} 124. Kd2 {[%clk 0:09:25]} Ra1 {[%clk 0:10:37]} 125. Rh7+
{[%clk 0:09:44]} Kd8 {[%clk 0:09:54]} 126. Rg7 {[%clk 0:09:53]} Ra3
{[%clk 0:10:14]} 127. Ke2 {[%clk 0:10:09]} Rb3 {[%clk 0:10:25]} 128. Rf7
{[%clk 0:10:29]} Ke8 {[%clk 0:10:32]} 129. Rf3 {[%clk 0:10:54]} Rb1
{[%clk 0:10:55]} 130. Ke3 {[%clk 0:11:11]} Ke7 {[%clk 0:11:09]} 131. Kf4
{[%clk 0:11:21]} Rd1 {[%clk 0:11:16]} 132. Ke4 {[%clk 0:11:43]} Re1+
{[%clk 0:11:39]} 133. Re3 {[%clk 0:11:59]} Rd1 {[%clk 0:11:56]} 134. Re2
{[%clk 0:12:19]} Rf1 {[%clk 0:12:08]} 135. Rh2 {[%clk 0:12:20]} Re1+
{[%clk 0:12:32]} 136. Kd3 {[%clk 0:12:44]} Rd1+ {[%clk 0:12:54]} 137. Kc3
{[%clk 0:13:07]} Rc1+ {[%clk 0:13:19]} 138. Kd2 {[%clk 0:13:28]} Ra1
{[%clk 0:13:32]} 139. Rh7+ {[%clk 0:13:54]} Kd8
1/2-1/2

[Event "Landsturneringen 2017"]
[Site "Clarion Energy Hotel, Stavanger"]
[Date "2017.07.03"]
[Round "4"]
[White "Hauge, Lars Oskar"]
[Black "Haldorsen, Benjamin"]
[Result "1/2-1/2"]
[WhiteElo "2448"]
[BlackElo "2356"]
[PlyCount "61"]

1. c4 {[%clk 1:30:50]} e5 {[%clk 1:30:36]} 2. Nc3 {[%clk 1:30:11]} Nc6
{[%clk 1:30:59]} 3. g3 {[%clk 1:23:47]} g6 {[%clk 1:31:01]} 4. Bg2
{[%clk 1:17:25]} Bg7 {[%clk 1:30:47]} 5. Nf3 {[%clk 1:17:20]} d6 {[%clk 1:30:43]}
6. d3 {[%clk 1:16:44]} Nf6 {[%clk 1:30:16]} 7. O-O {[%clk 1:16:31]} O-O
{[%clk 1:30:40]} 8. Rb1 {[%clk 1:12:25]} a5 {[%clk 1:30:47]} 9. a3
{[%clk 1:11:26]} Re8 {[%clk 1:29:13]} 10. Nd2 {[%clk 1:10:31]} Nd4
{[%clk 1:19:47]} 11. b4 {[%clk 1:08:39]} axb4 {[%clk 1:19:38]} 12. axb4
{[%clk 1:08:59]} c6 {[%clk 1:19:58]} 13. Nb3 {[%clk 0:56:14]} h6 {[%clk 1:12:29]}
14. Nxd4 {[%clk 0:48:59]} exd4 {[%clk 1:12:17]} 15. Ne4 {[%clk 0:48:20]} Nxe4
{[%clk 1:06:01]} 16. Bxe4 {[%clk 0:48:37]} Bg4 {[%clk 1:06:05]} 17. Re1
{[%clk 0:48:17]} Qd7 {[%clk 0:59:29]} 18. b5 {[%clk 0:46:50]} d5 {[%clk 0:52:57]}
19. bxc6 {[%clk 0:46:42]} bxc6 {[%clk 0:53:16]} 20. cxd5 {[%clk 0:46:54]} cxd5
{[%clk 0:53:27]} 21. Bg2 {[%clk 0:46:50]} h5 {[%clk 0:41:58]} 22. h4
{[%clk 0:39:45]} Ra2 {[%clk 0:39:23]} 23. Rb2 {[%clk 0:36:47]} Ra1
{[%clk 0:37:08]} 24. Qb3 {[%clk 0:31:15]} Bh6 {[%clk 0:32:50]} 25. Rb1
{[%clk 0:30:37]} Rxb1 {[%clk 0:32:34]} 26. Qxb1 {[%clk 0:31:01]} Bxc1
{[%clk 0:32:40]} 27. Qxc1 {[%clk 0:31:28]} Rxe2 {[%clk 0:31:32]} 28. Rxe2
{[%clk 0:31:49]} Bxe2 {[%clk 0:31:55]} 29. Qd2 {[%clk 0:32:14]} Qe6
{[%clk 0:30:20]} 30. Bxd5 {[%clk 0:31:56]} Qxd5 {[%clk 0:30:43]} 31. Qxe2
{[%clk 0:32:22]}
1/2-1/2

[Event "Landsturneringen 2017"]
[Site "Clarion Energy Hotel, Stavanger"]
[Date "2017.07.03"]
[Round "4"]
[White "Mihajlov, Sebastian"]
[Black "Arvola, Benjamin"]
[Result "1-0"]
[WhiteElo "2414"]
[BlackElo "2435"]
[PlyCount "83"]

1. d4 {[%clk 1:30:57]} Nf6 {[%clk 1:30:57]} 2. c4 {[%clk 1:31:17]} g6
{[%clk 1:31:23]} 3. Nc3 {[%clk 1:31:41]} d5 {[%clk 1:31:46]} 4. cxd5
{[%clk 1:31:36]} Nxd5 {[%clk 1:32:11]} 5. e4 {[%clk 1:32:01]} Nxc3
{[%clk 1:32:35]} 6. bxc3 {[%clk 1:32:28]} Bg7 {[%clk 1:32:59]} 7. Bc4
{[%clk 1:32:53]} c5 {[%clk 1:33:18]} 8. Ne2 {[%clk 1:32:40]} O-O {[%clk 1:33:42]}
9. O-O {[%clk 1:33:05]} Nc6 {[%clk 1:33:11]} 10. Be3 {[%clk 1:33:26]} Qc7
{[%clk 1:33:36]} 11. Rc1 {[%clk 1:33:51]} Rd8 {[%clk 1:33:32]} 12. Bf4
{[%clk 1:32:13]} Be5 {[%clk 1:33:39]} 13. Bxe5 {[%clk 1:31:52]} Nxe5 14. Bb3
{[%clk 1:31:33]} Ng4 {[%clk 1:34:03]} 15. Ng3 {[%clk 1:30:49]} Qf4
{[%clk 1:19:30]} 16. Qe1 {[%clk 1:30:44]} b6 {[%clk 1:04:02]} 17. h3
{[%clk 1:25:38]} Nf6 {[%clk 1:01:49]} 18. e5 {[%clk 1:25:15]} Nd5
{[%clk 0:59:17]} 19. Bxd5 {[%clk 1:20:04]} Rxd5 {[%clk 0:59:34]} 20. c4
{[%clk 1:20:28]} Rd8 {[%clk 0:54:01]} 21. d5 {[%clk 1:19:29]} b5 {[%clk 0:28:57]}
22. Qa5 {[%clk 1:15:56]} Bd7 {[%clk 0:29:20]} 23. cxb5 {[%clk 1:10:39]} Qb4
{[%clk 0:28:45]} 24. Qc7 {[%clk 0:45:01]} Rac8 {[%clk 0:27:16]} 25. Qxa7
{[%clk 0:45:19]} Bxb5 {[%clk 0:27:38]} 26. Rfd1 {[%clk 0:41:48]} c4
{[%clk 0:15:25]} 27. Qd4 {[%clk 0:41:11]} Ba4 {[%clk 0:10:55]} 28. Rd2
{[%clk 0:41:13]} Rc5 {[%clk 0:09:42]} 29. d6 {[%clk 0:39:42]} Bc6
{[%clk 0:05:33]} 30. Rdc2 {[%clk 0:36:23]} exd6 {[%clk 0:04:20]} 31. Rxc4
{[%clk 0:35:41]} Rxc4 {[%clk 0:04:25]} 32. Rxc4 {[%clk 0:36:06]} Qb7
{[%clk 0:03:41]} 33. exd6 {[%clk 0:35:46]} Bxg2 {[%clk 0:02:31]} 34. Qf6
{[%clk 0:35:29]} Qa8 {[%clk 0:01:32]} 35. Ra4 {[%clk 0:35:05]} Qc8
{[%clk 0:01:28]} 36. Kxg2 {[%clk 0:33:13]} Qc6+ {[%clk 0:01:57]} 37. Kh2
{[%clk 0:33:30]} Rxd6 {[%clk 0:02:22]} 38. Qf4 {[%clk 0:29:49]} Rf6
{[%clk 0:02:47]} 39. Qb8+ {[%clk 0:29:03]} Kg7 {[%clk 0:03:12]} 40. Rf4
{[%clk 0:29:29]} Re6 {[%clk 0:02:16]} 41. Qa7 {[%clk 0:29:33]} Qe8
{[%clk 0:01:48]} 42. Qd4+ {[%clk 0:29:54]}
1-0

[Event "Landsturneringen 2017"]
[Site "Clarion Energy Hotel, Stavanger"]
[Date "2017.07.03"]
[Round "4"]
[White "Løvik, Lasse Østebø"]
[Black "Kaasen, Tor Fredrik"]
[Result "1-0"]
[WhiteElo "2400"]
[BlackElo "2402"]
[PlyCount "55"]

1. d4 {[%clk 1:30:57]} Nf6 {[%clk 1:29:27]} 2. c4 {[%clk 1:31:23]} e6
{[%clk 1:29:54]} 3. Nc3 {[%clk 1:31:32]} Bb4 {[%clk 1:30:17]} 4. e3
{[%clk 1:30:15]} O-O {[%clk 1:29:09]} 5. Nge2 {[%clk 1:30:28]} Re8
{[%clk 1:29:09]} 6. a3 {[%clk 1:30:05]} Bf8 {[%clk 1:29:01]} 7. Ng3
{[%clk 1:26:45]} d5 {[%clk 1:25:54]} 8. Be2 {[%clk 1:19:41]} b6 {[%clk 1:23:48]}
9. O-O {[%clk 1:14:37]} c5 {[%clk 1:18:28]} 10. cxd5 {[%clk 1:01:01]} exd5
{[%clk 1:17:43]} 11. Bf3 {[%clk 0:57:18]} Be6 {[%clk 1:12:53]} 12. e4
{[%clk 0:50:55]} cxd4 {[%clk 1:02:21]} 13. exd5 {[%clk 0:46:27]} Nxd5
{[%clk 0:58:21]} 14. Qxd4 {[%clk 0:45:31]} Nc6 {[%clk 0:57:51]} 15. Qa4
{[%clk 0:42:06]} Nce7 {[%clk 0:41:02]} 16. Rd1 {[%clk 0:31:57]} Qc7
{[%clk 0:38:36]} 17. Nxd5 {[%clk 0:20:33]} Nxd5 {[%clk 0:37:28]} 18. Rxd5
{[%clk 0:12:14]} Bxd5 {[%clk 0:37:42]} 19. Bxd5 {[%clk 0:12:39]} Re1+
{[%clk 0:35:36]} 20. Nf1 {[%clk 0:13:05]} Bd6 {[%clk 0:33:57]} 21. Bf4
{[%clk 0:12:07]} b5 {[%clk 0:12:33]} 22. Qxb5 {[%clk 0:05:19]} a6
{[%clk 0:08:42]} 23. Bxd6 {[%clk 0:04:07]} Qxd6 {[%clk 0:07:09]} 24. Qb7
{[%clk 0:04:02]} Rxa1 {[%clk 0:06:05]} 25. Qxa8+ {[%clk 0:04:16]} Qf8
{[%clk 0:06:30]} 26. Qxa6 {[%clk 0:04:16]} Qd8 {[%clk 0:06:56]} 27. g3
{[%clk 0:02:57]} Rb1 {[%clk 0:06:50]} 28. Qd3
1-0

[Event "Landsturneringen 2017"]
[Site "Clarion Energy Hotel, Stavanger"]
[Date "2017.07.03"]
[Round "4"]
[White "Fossan, Erik"]
[Black "Grønn, Atle"]
[Result "1/2-1/2"]
[WhiteElo "2347"]
[BlackElo "2331"]
[PlyCount "29"]

1. e4 {[%clk 1:30:59]} d6 {[%clk 1:30:53]} 2. d4 {[%clk 1:31:25]} g6
{[%clk 1:31:19]} 3. Nc3 {[%clk 1:31:32]} Bg7 {[%clk 1:31:28]} 4. Be3
{[%clk 1:31:20]} a6 {[%clk 1:31:45]} 5. Qd2 {[%clk 1:29:43]} Nd7 {[%clk 1:32:00]}
6. O-O-O {[%clk 1:28:51]} b5 {[%clk 1:32:14]} 7. Kb1 {[%clk 1:28:56]} Bb7
{[%clk 1:31:32]} 8. f3 {[%clk 1:29:18]} Rc8 {[%clk 1:23:05]} 9. g4
{[%clk 1:29:32]} Nb6 {[%clk 0:55:34]} 10. a3 {[%clk 1:12:26]} d5 {[%clk 0:45:22]}
11. Nxd5 {[%clk 0:55:37]} Nxd5 {[%clk 0:41:25]} 12. exd5 {[%clk 0:56:03]} Nf6
{[%clk 0:39:02]} 13. Nh3 {[%clk 0:26:04]} Nxd5 {[%clk 0:29:01]} 14. Bh6
{[%clk 0:24:58]} O-O {[%clk 0:27:52]} 15. Bxg7 {[%clk 0:23:10]}
1/2-1/2

[Event "Landsturneringen 2017"]
[Site "Clarion Energy Hotel, Stavanger"]
[Date "2017.07.03"]
[Round "4"]
[White "Aulin-Jansson, Jøran"]
[Black "Machlik, Endre"]
[Result "1-0"]
[WhiteElo "2267"]
[BlackElo "2194"]
[PlyCount "59"]

1. e4 {[%clk 1:30:58]} c6 {[%clk 1:30:56]} 2. Nc3 {[%clk 1:31:05]} d5
{[%clk 1:31:20]} 3. d3 {[%clk 1:31:26]} e5 {[%clk 1:31:33]} 4. g3
{[%clk 1:30:40]} Nf6 {[%clk 1:30:25]} 5. Bg2 {[%clk 1:31:03]} Be6
{[%clk 1:30:31]} 6. Nf3 {[%clk 1:23:42]} Bd6 {[%clk 1:29:37]} 7. O-O
{[%clk 1:24:03]} O-O {[%clk 1:29:19]} 8. Ng5 {[%clk 1:19:30]} Bg4
{[%clk 1:26:11]} 9. f3 {[%clk 1:16:31]} Bc8 {[%clk 1:24:12]} 10. f4
{[%clk 1:14:06]} h6 {[%clk 1:05:18]} 11. Nh3 {[%clk 1:10:11]} Qb6+
{[%clk 0:52:54]} 12. Kh1 {[%clk 1:09:18]} Rd8 {[%clk 0:52:42]} 13. f5
{[%clk 1:07:37]} Bb4 14. Nf2 {[%clk 1:03:43]} Na6 {[%clk 0:37:59]} 15. Ng4
{[%clk 1:00:47]} Nxg4 {[%clk 0:28:36]} 16. Qxg4 {[%clk 1:01:04]} Kf8
{[%clk 0:28:50]} 17. Qh4 {[%clk 0:59:51]} Be7 {[%clk 0:28:00]} 18. f6
{[%clk 0:55:48]} Bxf6 {[%clk 0:27:37]} 19. Rxf6 {[%clk 0:56:10]} gxf6
{[%clk 0:27:59]} 20. Qxf6 {[%clk 0:56:15]} Be6 {[%clk 0:26:14]} 21. Bxh6+
{[%clk 0:55:15]} Ke8 {[%clk 0:26:37]} 22. Bg5 {[%clk 0:54:09]} Qc7
{[%clk 0:24:02]} 23. exd5 {[%clk 0:54:09]} cxd5 {[%clk 0:22:09]} 24. Nb5
{[%clk 0:50:48]} Qc5 {[%clk 0:21:40]} 25. d4 {[%clk 0:51:08]} exd4
{[%clk 0:21:27]} 26. Nxd4 {[%clk 0:51:30]} Nc7 {[%clk 0:20:31]} 27. Re1
{[%clk 0:51:15]} Kd7 {[%clk 0:20:12]} 28. c4 {[%clk 0:19:02]} Rf8
{[%clk 0:03:39]} 29. cxd5 {[%clk 0:17:29]} Nxd5 {[%clk 0:03:08]} 30. Nxe6
{[%clk 0:17:25]}
1-0